000 00326nam a22001457a 4500
008 210309b ||||| |||| 00| 0 eng d
020 _a139780321613363
041 _aeng
080 _211th
_a51
082 _251
100 _a36
101 _aMAT
245 _aIntermediate Algebra
_cMarvin L. Bittinger
942 _2udc
_cBK
999 _c56108
_d56108